000 00482nam a22001817a 4500
003 OSt
005 20140310183000.0
008 130208t xxu||||| |||| 00| 0 eng d
020 _a9789715741446
050 _aLB 1775
_b.Sa161 2009
100 _aSalandanan, Gloria G.
245 _aTeacher education journal /
_cGloria G. Salandanan.
260 _aQuezon City :
_bKatha Pub.,
_c2009.
300 _a156 p. :
_c26 cm.
521 _aEDU
942 _2lcc
_cBK
_kLOC
999 _c18096
_d18096